000 01495nam0a2200373 i 4500
001 RU\NLR\bibl\1987695
005 20240921171832.0
010 _a9785369011713
_bРИОР
010 _a978-5-16-006511-3
_bИНФРА-М
_9100
021 _aRU
_b2012-99906
_97373
035 _a(nilc)RuMoRGB-006509876
035 _a(NLR Aleph) 001976278
090 _a4026280
_c4026280
100 _a20130114d2012 k y0rusy50 ca
101 0 _arus
102 _aRU
105 _ay |||||||||
200 1 _aАккредитивное правоотношение: понятие, сущность, сравнительно-правовой анализ
_eмонография
_fК.В. Карашев
210 _aМосква
_cРИОР
_cИНФРА-М
_d2012 (макет 2013)
215 _a260, [2] с.
_d21
225 1 _aНаучная мысль
320 _aБиблиогр.: с. 248-261 (324 назв.)
606 1 _aАккредитивы
_xПравовое регулирование
_yРоссийская Федерация
_92328048
_3RU\NLR\auth\661392323
610 0 _aаккредитивное правоотношение
686 _aХ623.212.31
700 1 _aКарашев
_bК. В.
_gКазбек Владимирович
_4070
801 0 _aRU
_bRuMoRKP
_c20130114
_gRCR
801 2 _aRU
_bРГБ
_c20130124
_grcr
801 1 _aRU
_bRuMoRKP
_c20130114
_2rusmarc
801 2 _aRU
_bNLR
_c20130116
_grcr
830 _aавт. по кн.
942 _cBOOK
980 _aNBR